000 00700nam a2200253Ia 4500
003 OSt
005 20221002051409.0
006 a|||||r|||| 00| 0
007 ta
008 220930b |||||||| |||| 00| 0 eng d
024 _a27355
037 _cReference Collections
040 _aCRL
_cCRL
_beng
041 _2eng
_aeng
082 _aA:(P111:4k), L9(RR)
100 _aGodman A
_9572502
245 0 _aLongman dictionary of scientific usage
260 _aEssel
_bLongman
_c1979
300 _a684p
_ccm.
650 _aSCIENCE
700 _a Payne E M F
_9572503
942 _hA:(P111:4k), L9(RR)
_cref
_2CC
999 _c916759
_d916759